000 00778 a2200205 4500
001 54399
005 20260407155817.0
008 260407a1988 arg spa d
003 AR-UNSa-BCEJYS
040 _aAR-UNSa-BCEJYS
_bspa
_cAR-UNSa-BCEJYS
080 _a94(82):32
_xHistoria Política y Constitucional de Argentina
245 1 0 _aFuerzas hegemónicas y partidos políticos
020 _a950-07-0514-1
264 1 _aBuenos Aires :
_bSudamericana
_c1988
300 _a165 p.
_c20 cm.
505 _a1. Modelo norteamericano – 2. Luchas cívicas y partidos entre 1810 y 1880 – 3. El ciclo conservador – 4. El ciclo radical – 5. El ciclo peronista – 6. El espectro del futuro.
942 _cBK
590 _aniveau_biblio:m niveau_hierar:0
100 1 _aLuna, Félix
999 _c5556
_d5556